| 000 | 01024cad a22002415a 4500 | ||
|---|---|---|---|
| 001 | L158591 | ||
| 008 | 121219e2015 xxk 000 0 eng d | ||
| 035 | _a(Sirsi) u158591 | ||
| 041 | 0 | _aeng | |
| 100 | 1 |
_aMarrison _HMax |
|
| 245 | 0 | 0 |
_aAgreeing a formula _h[electronic resource] |
| 260 | _c2015 | ||
| 490 |
_aRICS Property Journal _vMay 2015-June 2015, 12-13(2) |
||
| 520 | _aFocuses on calculation of overage agreements and their management to ensure their security. Commercial agents negotiating deals use overage as a means to protect their clients when the true value of land is not ascertainable or cannot be realised on the sale. | ||
| 650 | 2 | 4 | _aOVERAGE PROVISIONS |
| 650 | 2 | 4 | _aRENEWAL LEEDS LTD V LOWRY PROPERTIES LTD |
| 650 | 2 | 4 | _aLAND |
| 651 | 4 |
_aUnited Kingdom _y |
|
| 690 |
_aContracts _96232 |
||
| 710 |
_aRoyal Institution of Chartered Surveyors _94900 |
||
| 856 | 4 | 0 |
_uhttps://www.rics.org/uk/news/journals/property-journal _zView the journal free of charge at www.rics.org/journals... |
| 942 | _n0 | ||
| 999 |
_c84628 _d84628 |
||